LEADER 01771namaa2200397 i 4500 001 000000178685 003 CaOOAMICUS 005 20260422144408.0 008 260422s2025 it l u000 u ita r 020 $a978-88-08-29997-0* 032 $aLibriCat 040 $aPUL$bita 082 10$a346.4506 245 02$aI concordati dopo il Correttivo / $copera diretta da Alberto Jorio e Marina Spiotta ; con la collaborazione di Niccolò Abriani...[et al.]. 250 $a1.edizione: giugno 2025 264 20$aBologna :$bZanichelli,$c©2025. 300 $aXIX, 1397 pagine ;$c25 cm 336 $atesto$btxt$2rdacontent 337 $asenza mediazione$bn$2rdamedia 338 $avolume$bnc$2rdacarrier 490 1 $aDottrina casi sistemi ;$v43 500 $aIn copertina: Con risorse digitali. 504 $aBibliografia in nota. 650 4$aImprese$xDiritto e legislazione.$0(OLS)http://pul/subject/25883 700 1 $aJorio, Alberto,$d1940-,$edirettore di pubblicazione.$0(OLS)http://pul/name/71121 700 1 $aAbriani, Niccolò,$d1966-,$ecollaboratore.$0(OLS)http://pul/name/75372 700 1 $aSpiotta, Marina ,$edirettore di pubblicazione.$0(OLS)http://pul/name/67523 830 0$aDottrina casi sistemi ;$v43.$0(OLS)http://pul/title/139266 850 $aPUL 852 $aPUL$W1$xSL Diritto e Scienze Sociali 3$y79$m348. 45 COLL 1.43$j202458$qDDC 21$B207869$CPULBib$Z2$F207869 $H138562 $82 941 1 $a9 996 $6020$a978-88-08-29997-0*$9(OLS)http://pul/number/170944 996 $6082$a346.4506$9(OLS)http://pul/classification/679 996 $6245$aI concordati dopo il Correttivo / $9(OLS)http://pul/title/220261 996 $6264$aBologna :$bZanichelli$9(OLS)http://pul/publisher/48255